Manual básico de técnicos de aeróbic y fitness

Guardado en:
Detalles Bibliográficos
Autores principales: Moral González, Susana (autora), Javaloyes Sanchis, Vicente (Autor), Sobrino García, Juan José (Autor)
Formato: Libro
Lenguaje:español
Publicado: Badalona Paidotribo 2004
Edición:1a. ed
Materias:
Etiquetas: Agregar Etiqueta
Sin Etiquetas, Sea el primero en etiquetar este registro!

MARC

LEADER 00000nam a2200000 a 4500
001 UCL7629
003 CL-VaPUC
008 040528e20040000sp |||||||||||||||||spa|d
020 |a 8480197617 
082 0 4 |a 613.71  |b MOR  |2 21 
100 |a Moral González, Susana  |e autora  |9 616335 
700 0 |a Javaloyes Sanchis, Vicente  |e author  |9 485453 
700 0 |a Sobrino García, Juan José  |e author  |9 485454 
245 1 0 |a Manual básico de técnicos de aeróbic y fitness 
250 |a 1a. ed 
300 |a 120 p 
942 |c BK 
945 |d 20040528 00:00:00  |a cmena 
260 |a Badalona  |b Paidotribo  |c 2004 
650 0 |a Aeróbica  |9 334255 
650 7 |a ENTRENAMIENTO ATLETICO  |2 CL-VaPUC  |9 485455 
650 7 |a FITNESS  |2 CL-VaPUC  |9 469781 
650 0 |a Ejercicios físicos  |9 307296 
650 0 |a Anatomía humana   |9 269546 
650 0 |a Articulaciones  |9 324125 
583 |a last modification  |c 20171130 06:50:35  |k Rodrigo Vera 
999 |c 309261  |d 309259 
952 |0 0  |1 0  |4 0  |6 613_710000000000000_MOR_2004  |7 0  |8 A  |9 376634  |a BIBEDU  |b BIBEDU  |d 2019-11-21  |i 4020375  |o 613.71 MOR 2004  |p 4020375  |r 2019-11-21  |w 2019-11-21  |y BK  |k EFI 
952 |0 0  |1 0  |4 0  |6 613_710000000000000_MOR_2004  |7 0  |8 A  |9 376635  |a BIBEDU  |b BIBEDU  |d 2019-11-21  |i 4020383  |o 613.71 MOR 2004  |p 4020383  |r 2019-11-21  |w 2019-11-21  |y BK  |k EFI 
952 |0 0  |1 0  |4 0  |6 613_710000000000000_MOR_2004  |7 0  |8 A  |9 376636  |a BIBEDU  |b BIBEDU  |d 2019-11-21  |i 4107799  |o 613.71 MOR 2004  |p 4107799  |r 2019-11-21  |w 2019-11-21  |y BK  |k EFI 
952 |0 0  |1 0  |4 0  |6 613_710000000000000_MOR_2004  |7 0  |8 A  |9 376637  |a BIBEDU  |b BIBEDU  |d 2019-11-21  |i 4497775  |o 613.71 MOR 2004  |p 4497775  |r 2019-11-21  |w 2019-11-21  |y BK  |k EFI 
952 |0 0  |1 0  |4 0  |6 613_710000000000000_MOR_2004  |7 0  |8 A  |9 376638  |a BIBEDU  |b BIBEDU  |d 2019-11-21  |i 4497783  |o 613.71 MOR 2004  |p 4497783  |r 2019-11-21  |w 2019-11-21  |y BK  |k EFI